Los salvadoreños evalúan el desempeño del Ejecutivo, de la Asamblea y de la Alcaldía capitalina (primera parte)
Gardado en:
| Formato: | Texto |
|---|---|
| Materias: | |
| Etiquetas: |
Engadir etiqueta
Sen Etiquetas, Sexa o primeiro en etiquetar este rexistro!
|
MARC
| LEADER | 00000 a a2200000 04500 | ||
|---|---|---|---|
| 001 | 6241 | ||
| 003 | |||
| 040 | |||
| 245 | |a Los salvadoreños evalúan el desempeño del Ejecutivo, de la Asamblea y de la Alcaldía capitalina (primera parte) | ||
| 650 | |a ENCUESTAS DE OPINION PUBLICA | ||
| 650 | |a OPINION PUBLICA | ||
| 650 | |a CONDICIONES SOCIALES | ||
| 650 | |a <OPINION PUBLICA> | ||
| 773 | |g volumen 18, número 809; páginas 12-13 | ||
| 999 | |c 22090 |d 22090 | ||
